000 00318nam a22001337a 4500
008 181102b xxu||||| |||| 00| 0 eng d
020 _a0030617014
041 _aeng
080 _a101
100 _a34
101 _aFIL
245 _aPhilosophy and Contemporary Problems: A Reader
_cPopkin,R.H
942 _2udc
_cBK
999 _c51770
_d51770